[Event "Mechanics' Spring TNM; G/2 d5"]
[Site "San Francisco"]
[Date "2018.03.27"]
[Round "2.15"]
[White "Kuczek, Kevin W"]
[Black "Harris, John"]
[Result "0-1"]
[WhiteElo "1916"]
[BlackElo "1657"]
[Annotator "Donaldson"]
[PlyCount "92"]
[EventDate "2018.??.??"]
[Source "ChessBase"]
[SourceDate "2007.09.04"]

1. e4 d5 2. exd5 Qxd5 3. Nc3 Qd8 4. Nf3 Nf6 5. Bc4 a6 6. a4 e6 7. O-O Be7 8. d3
O-O 9. Bg5 Nbd7 10. Re1 Re8 11. Qe2 Nf8 12. Rad1 h6 13. Bd2 b6 14. Ne4 Bb7 15.
Ne5 Bd5 16. Bc3 Qc8 17. Nxf6+ Bxf6 18. Qh5 Bxe5 19. Qxe5 f6 20. Qg3 Kh7 21.
Bxd5 exd5 22. Rxe8 Qxe8 23. Qxc7 Qd8 24. Qf4 Ng6 25. Qd4 Qd6 26. Re1 Ne7 27.
Bb4 Nf5 28. Qg4 Qd7 29. Qf4 (29. h4 $1 $18) 29... a5 30. Ba3 g5 31. Qf3 Kg6 32.
c4 Re8 33. Rxe8 Qxe8 34. Qd1 Qe5 35. cxd5 Qxd5 36. Kf1 Qd4 37. h3 Qf4 38. Kg1
Qd4 39. b3 Qd5 40. Bc1 Nd4 41. Qg4 h5 42. Qe4+ $2 (42. Qc8 $11 Ne2+ 43. Kh2
Nxc1 44. Qxc1 Qxd3 45. Qc6 Qxb3 46. Qe4+ $11) 42... Qxe4 43. dxe4 Ne2+ 44. Kf1
Nxc1 45. Ke1 Nxb3 46. Ke2 Nc5 0-1

[Event "Mechanics' Bedjanian TNM; G/2 d/5"]
[Site "San Francisco"]
[Date "2018.11.27"]
[Round "6.4"]
[White "Kuczek, Kevin W"]
[Black "Jain, Shaurya"]
[Result "1-0"]
[WhiteElo "1980"]
[BlackElo "2033"]
[Annotator "Winslow,Elliott"]
[PlyCount "55"]
[EventDate "2018.??.??"]
[Source "ChessBase"]
[SourceDate "2007.09.04"]

1. e4 c5 2. Nc3 a6 3. a4 e6 4. f4 Nc6 5. Nf3 d5 6. d3 Nf6 7. Be2 Rb8 8. O-O d4
9. Nb1 Be7 10. Nbd2 Ng4 11. Nc4 b5 12. axb5 axb5 13. Nce5 Ngxe5 14. fxe5 g5 15.
h3 h5 16. Nh2 Nxe5 (16... g4 17. hxg4 h4 18. g5 Bxg5 19. Ng4) 17. Bxh5 $18 Qd6
18. Ng4 Rxh5 19. Nxe5 Rxh3 20. gxh3 Qxe5 21. Qf3 f6 22. Ra7 (22. h4 $1) 22...
Bb7 23. Bd2 $6 (23. h4 $1) (23. Qg4) 23... Kd7 24. Rf2 Kc6 $6 {
(Stepping into trouble)} (24... c4) 25. Ra1 $2 (25. h4 $1 $16) 25... Rh8 (25...
c4) 26. c3 Bd6 $4 (26... Kc7 $1 $11 {(Step out of trouble!)} 27. cxd4 Qxd4 28.
Be3 Qe5) 27. cxd4 Qxd4 (27... cxd4 28. Qxf6) 28. Bc3 (28. e5+ $18) 1-0

[Event "Mechanics' Winter TNM; G/2 d5"]
[Site "San Francisco"]
[Date "2018.01.16"]
[Round "2.18"]
[White "Kuczek, Kevin W"]
[Black "James, Charles"]
[Result "1-0"]
[WhiteElo "1916"]
[BlackElo "1381"]
[Annotator "Donaldson"]
[PlyCount "51"]
[EventDate "2018.??.??"]
[Source "ChessBase"]
[SourceDate "2007.09.04"]

1. e4 c5 2. Nc3 d6 3. f4 e6 4. Nf3 a6 5. a4 Nc6 6. Bc4 Nf6 7. d4 Nxe4 (7... d5
$1) 8. Nxe4 d5 9. Bxd5 exd5 10. Nc3 Bg4 11. dxc5 Qe7+ (11... Bxc5) 12. Qe2
Qxe2+ 13. Kxe2 Nd4+ $2 (13... Bxc5) (13... O-O-O) 14. Kd3 Nxf3 15. gxf3 Bxf3 (
15... Bf5+) 16. Re1+ Be7 17. Re3 d4 18. Kxd4 O-O-O+ $4 (18... Rd8+ 19. Kc4 Bg4)
19. Kc4 {Now both of Black's bishops are attacked.} Bf6 20. Rxf3 Rd4+ 21. Kb3
a5 22. Be3 Rb4+ 23. Ka3 Re8 24. Rd1 Ree4 25. Nxe4 Bxb2+ 26. Ka2 1-0

[Event "Mechanics' Bedjanian TNM; G/2 d/5"]
[Site "San Francisco"]
[Date "2018.11.13"]
[Round "4.12"]
[White "Kuczek, Kevin W"]
[Black "Pham, Tam Phu"]
[Result "1-0"]
[WhiteElo "1980"]
[BlackElo "1775"]
[PlyCount "137"]
[EventDate "2018.??.??"]
[Source "ChessBase"]
[SourceDate "2007.09.04"]

1. e4 c5 2. Nc3 a6 3. a4 e6 4. f4 d5 5. Nf3 dxe4 6. Nxe4 Nf6 7. Nxf6+ Qxf6 8.
g3 b6 9. Bg2 Bb7 10. O-O Bd6 11. d3 O-O 12. Bd2 b5 13. Bc3 Qd8 14. b3 Nd7 15.
Qe2 Be7 16. Rfe1 Bf6 17. Ne5 Bxg2 18. Kxg2 Nxe5 19. Bxe5 Bxe5 20. Qxe5 Qb6 21.
Qe4 b4 22. Re2 Rad8 23. f5 exf5 24. Qxf5 Qc6+ 25. Qf3 Qd7 26. Rae1 Rfe8 27. Re4
g6 28. Qe3 Qc6 29. Qf3 Rxe4 30. Qxe4 Qxe4+ 31. Rxe4 Kg7 32. Re5 Rc8 33. Kf3 Rc6
34. Ke4 Kf6 35. Kd5 Rc7 36. Re4 h5 37. Kd6 Rc8 38. Rf4+ Kg7 39. Rc4 Re8 40.
Kxc5 Re2 41. d4 Kf8 42. d5 Ke7 43. h4 Rg2 44. Re4+ Kd7 45. Re3 Rxc2+ 46. Kxb4
f6 47. Ka5 Rc5+ 48. Kxa6 Rxd5 49. b4 Rd4 50. Kb5 g5 51. hxg5 fxg5 52. Kc5 Rg4
53. a5 h4 54. gxh4 gxh4 55. a6 Rg5+ 56. Kb6 Rg6+ 57. Kb7 Rg4 58. b5 Kd6 59. a7
Rg7+ 60. Ka6 Rg8 61. b6 Kc5 62. Re5+ Kd4 63. Rh5 h3 64. Rxh3 Kc5 65. Rh5+ Kc6
66. Rb5 Kd7 67. b7 Rg6+ 68. Rb6 Rg2 69. a8=Q 1-0

[Event "Mechanics' Bedjanian TNM; G/2 d/5"]
[Site "San Francisco"]
[Date "2018.10.23"]
[Round "1.13"]
[White "Kuczek, Kevin W"]
[Black "Revi, Frank"]
[Result "1-0"]
[WhiteElo "1980"]
[BlackElo "1459"]
[PlyCount "73"]
[EventDate "2018.??.??"]
[Source "ChessBase"]
[SourceDate "2007.09.04"]

1. e4 c5 2. Nc3 e6 3. f4 d6 4. Nf3 Nc6 5. Bb5 a6 6. Bxc6+ bxc6 7. d3 Be7 8. O-O
Qc7 9. b3 Nf6 10. Bb2 Ng4 11. Qe1 O-O 12. h3 Nf6 13. e5 Nd5 14. Ne4 f6 15. exf6
Nxf6 16. Neg5 e5 17. fxe5 Nh5 18. Ne4 d5 19. Ng3 Nf4 20. Ne2 Ne6 21. Qg3 Qd8
22. Nh2 Bh4 23. Rxf8+ Nxf8 24. Qf3 Qg5 25. Rf1 Be6 26. g3 Ng6 27. Bc1 Nxe5 28.
Qg2 Qh5 29. Nf4 Qh6 30. Nxe6 Qxe6 31. gxh4 Ng6 32. Qg4 Qd6 33. Bf4 Qf6 34. Be3
Qd6 35. h5 Re8 36. hxg6 Rxe3 37. Qc8+ 1-0

[Event "Mechanics' Winter TNM; G/2 d5"]
[Site "San Francisco"]
[Date "2018.02.27"]
[Round "8.4"]
[White "Kuczek, Kevin W"]
[Black "Shaw, Tenzing Will"]
[Result "0-1"]
[WhiteElo "1916"]
[BlackElo "2297"]
[Annotator "Donaldson"]
[PlyCount "72"]
[EventDate "2018.??.??"]
[Source "ChessBase"]
[SourceDate "2007.09.04"]

1. e4 e6 2. b3 d5 3. Bb2 c5 4. Nc3 $6 (4. exd5) 4... d4 5. Nce2 Nc6 6. Ng3 Bd7
7. Bb5 Nge7 8. N1e2 a6 9. Bxc6 Nxc6 10. d3 h5 $1 11. f4 h4 12. Nf1 {Diagram [#]
} g5 $1 {Black wants the e5 square for his pieces.} 13. fxg5 Qxg5 14. Rg1 Bg7
15. Qd2 Qf6 16. O-O-O O-O-O 17. Kb1 Rdg8 18. Qe1 Ne5 19. c3 Bh6 20. c4 Bc6 21.
b4 Nxd3 22. Rxd3 Bxe4 23. Nc1 Qf5 24. Qd1 Bf4 25. Kc2 Bxc1 26. Bxc1 b5 27. cxb5
c4 28. bxa6 Bxd3+ 29. Kb2 Qb5 30. a3 Qxa6 31. Qf3 Qb7 32. Qf6 Rxg2+ 33. Ka1
Rhg8 34. Rxg2 Qxg2 35. Nd2 Qg1 36. Nb1 Qxc1 0-1

[Event "Mechanics' Winter TNM; G/2 d5"]
[Site "San Francisco"]
[Date "2018.02.13"]
[Round "6.11"]
[White "Kuczek, Kevin W"]
[Black "Temple, Jason Todd"]
[Result "1-0"]
[WhiteElo "1916"]
[BlackElo "1167"]
[PlyCount "59"]
[EventDate "2018.??.??"]
[Source "ChessBase"]
[SourceDate "2007.09.04"]

1. e4 c5 2. Nc3 Nc6 3. f4 d6 4. Nf3 Bg4 5. Bb5 e6 6. Bxc6+ bxc6 7. d3 Be7 8.
O-O Bf6 9. Qe1 Bd4+ 10. Kh1 Bxf3 11. Rxf3 Rb8 12. b3 Qf6 13. Bd2 Ne7 14. Rb1
Ng6 15. Ne2 e5 16. c3 Nh4 17. Rh3 exf4 18. Qxh4 g5 19. Qh6 Qxh6 20. Rxh6 Be5
21. d4 cxd4 22. cxd4 Bg7 23. Rxd6 Ke7 24. Rxc6 Kd7 25. Rbc1 Rb7 26. Kg1 Re8 27.
e5 Bxe5 28. dxe5 Rxe5 29. Nd4 Rd5 30. R6c4 1-0

[Event "Mechanics' Bedjanian TNM; G/2 d/5"]
[Site "San Francisco"]
[Date "2018.12.11"]
[Round "8.6"]
[White "Kuczek, Kevin W"]
[Black "Tsodikova, Natalya"]
[Result "1/2-1/2"]
[WhiteElo "1980"]
[BlackElo "2200"]
[PlyCount "80"]
[EventDate "2018.??.??"]
[Source "ChessBase"]
[SourceDate "2007.09.04"]

1. e4 e5 2. Nf3 Nc6 3. d4 exd4 4. Nxd4 Bb4+ 5. c3 Bc5 6. Be3 Bb6 7. Nf5 g6 8.
Bxb6 axb6 9. Ne3 Nf6 10. f3 O-O 11. c4 Nh5 12. Qd2 d6 13. Nc3 Be6 14. Ned5 Bxd5
15. Nxd5 f5 16. Bd3 fxe4 17. Bxe4 Ne5 18. O-O c6 19. Ne3 Qe7 20. Rfe1 Nf4 21.
Ng4 Kh8 22. Qd4 c5 23. Qc3 Qg7 24. Nxe5 dxe5 25. Bd5 Rfe8 26. a3 b5 27. g3 b4
28. Qd2 Nxd5 29. Qxd5 bxa3 30. Rxa3 Rxa3 31. bxa3 Qe7 32. Rb1 Rd8 33. Rxb7 Qg5
34. Rd7 Rxd7 35. Qxd7 Qe3+ 36. Kg2 h5 37. Qe8+ Kh7 38. Qf7+ Kh6 39. Qf8+ Kh7
40. Qf7+ Kh6 1/2-1/2

[Event "Mechanics' Spring TNM; G/2 d5"]
[Site "San Francisco"]
[Date "2018.04.17"]
[Round "5.19"]
[White "Kuczek, Kevin W"]
[Black "Waharte, Louka"]
[Result "1-0"]
[WhiteElo "1916"]
[BlackElo "1496"]
[PlyCount "68"]
[EventDate "2018.??.??"]
[Source "ChessBase"]
[SourceDate "2007.09.04"]

1. e4 e5 2. Nf3 Nc6 3. d4 exd4 4. Bc4 Nf6 5. e5 d5 6. Bb5 Ne4 7. Nxd4 Bd7 8.
Bxc6 bxc6 9. O-O c5 10. Nf3 Be6 11. c3 Be7 12. Nbd2 Nxd2 13. Bxd2 O-O 14. Be3
Rb8 15. Qd2 a6 16. b3 c6 17. Bg5 f6 18. exf6 Bxf6 19. Qe3 Bg4 20. Bxf6 Qxf6 21.
Ne5 Bf5 22. f4 Qe7 23. Rae1 Bd7 24. Nxd7 Qxd7 25. Qxc5 Qc7 26. Re7 Rb5 27. Qe3
Qb6 28. Qxb6 Rxb6 29. g3 Rb5 30. Rfe1 Rc5 31. R1e3 Rf7 32. Rxf7 Kxf7 33. Kf2 h5
34. Ke1 h4 $138 1-0

[Event "Mechanics' Spring TNM; G/2 d5"]
[Site "San Francisco"]
[Date "2018.04.03"]
[Round "3.37"]
[White "Lama, Tony"]
[Black "Cendejas, Jon Rodo"]
[Result "1-0"]
[WhiteElo "1802"]
[BlackElo "422"]
[PlyCount "43"]
[EventDate "2018.??.??"]
[Source "ChessBase"]
[SourceDate "2007.09.04"]

1. d4 d5 2. c4 c6 3. Nc3 Nf6 4. Bg5 e6 5. e3 h6 6. Bh4 b6 7. Nf3 Be7 8. Bd3 O-O
9. O-O Ba6 10. Qe2 Qc8 11. Rac1 Re8 12. Bxf6 Bxf6 13. cxd5 Bxd3 14. Qxd3 cxd5
15. Nxd5 Qa6 16. Nxf6+ gxf6 17. Qe4 Nd7 18. Rc7 f5 19. Qh4 Rad8 20. Qxh6 Qxa2
21. Ng5 Nf8 22. Rxf7 1-0

[Event "Mechanics' Bedjanian TNM; G/2 d/5"]
[Site "San Francisco"]
[Date "2018.12.18"]
[Round "9.11"]
[White "Lamstein, Joshua"]
[Black "Anderson, Michael"]
[Result "0-1"]
[WhiteElo "1592"]
[BlackElo "1904"]
[Annotator "Winslow,Elliott"]
[PlyCount "68"]
[EventDate "2018.??.??"]
[Source "ChessBase"]
[SourceDate "2007.09.04"]

1. d4 f5 2. c4 g6 3. Nf3 Nf6 4. Nc3 Bg7 5. Bf4 O-O 6. Qd2 Ne4 7. Nxe4 fxe4 8.
Ng5 d5 9. cxd5 Qxd5 10. e3 h6 11. Nh3 c6 12. Rc1 Qd8 13. Bc4+ Kh8 14. Ng1 Nd7
15. Ne2 e5 16. dxe5 Nxe5 17. Qxd8 Rxd8 18. Ng3 Nd3+ 19. Bxd3 exd3 20. Kd2 Bxb2
21. Rb1 Bg7 22. Rb3 g5 23. Bc7 Rd7 24. Ba5 b6 25. Bc3 Ba6 26. Bxg7+ Kxg7 27.
Nf5+ Kg6 28. g4 c5 29. Ra3 Bb7 30. Rc1 Bf3 31. Ra4 Bxg4 32. Nxh6 Be6 33. Re4 (
33. Ng4 Rh7 (33... Rc7)) 33... Bd5 34. Ng4 Kf5 (34... Bxe4 $1 35. Ne5+ Kf5 36.
Nxd7 Rh8) 0-1

[Event "Mechanics' Vartan Bedjanian TNM; G/2 d/"]
[Site "San Francisco"]
[Date "2018.11.07"]
[Round "3.17"]
[White "Lamstein, Joshua"]
[Black "Argo, Guy"]
[Result "0-1"]
[WhiteElo "1592"]
[BlackElo "1912"]
[PlyCount "99"]
[EventDate "2018.??.??"]
[Source "ChessBase"]
[SourceDate "2007.09.04"]

1. e4 d6 2. d4 Nf6 3. Nc3 Nbd7 4. Be3 e5 5. Bc4 c6 6. a3 b5 7. Ba2 a6 8. b4 Qc7
9. Nf3 h6 10. dxe5 dxe5 11. Nd2 a5 12. Rb1 axb4 13. axb4 Ra3 14. Rb3 Rxb3 15.
Bxb3 Bxb4 16. Qa1 Qa5 17. Qxa5 Bxa5 18. Ncb1 Nxe4 19. O-O Ndf6 20. f3 Nxd2 21.
Nxd2 Nd5 22. Ra1 Nxe3 23. Rxa5 O-O 24. Ra7 Be6 25. Bxe6 fxe6 26. Rc7 Nxc2 27.
Rxc6 Nd4 28. Rb6 Rc8 29. Ne4 Rc6 30. Rb8+ Kf7 31. Kf1 Rc1+ 32. Kf2 Rc2+ 33. Kf1
Rb2 34. Rb7+ Kg6 35. Nd6 b4 36. Nc4 Rb1+ 37. Kf2 Kf6 38. h4 b3 39. Nd6 Nf5 40.
Ne8+ Kg6 41. g4 b2 42. gxf5+ exf5 43. Nxg7 Rh1 44. h5+ Kf6 45. Ne8+ Kg5 46. Kg3
f4+ 47. Kg2 b1=Q 48. Rxb1 Rxb1 49. Nd6 Rb2+ 50. Kf1 0-1

[Event "Mechanics' Bedjanian TNM; G/2 d/5"]
[Site "San Francisco"]
[Date "2018.11.27"]
[Round "6.29"]
[White "Lamstein, Joshua"]
[Black "Bradley, Christopher"]
[Result "1-0"]
[WhiteElo "1592"]
[BlackElo "1407"]
[PlyCount "61"]
[EventDate "2018.??.??"]
[Source "ChessBase"]
[SourceDate "2007.09.04"]

1. e4 c5 2. Nf3 g6 3. c3 d5 4. exd5 Qxd5 5. d4 Nc6 6. Be3 Bg7 7. h3 Nh6 8. Qd2
Nf5 9. c4 Qd8 10. d5 Ncd4 11. Nc3 Nxf3+ 12. gxf3 O-O 13. Bxc5 b6 14. Be3 Bb7
15. h4 e5 16. Bg5 f6 17. Be3 Nxe3 18. fxe3 Qd6 19. O-O-O f5 20. e4 fxe4 21.
Nxe4 Qd7 22. Bh3 Qa4 23. Be6+ Kh8 24. Kb1 Rxf3 25. h5 Rf4 26. hxg6 h6 27. Ng5
Raf8 28. Nf7+ R8xf7 29. gxf7 Qxc4 30. Qg2 Rh4 31. f8=Q+ 1-0

[Event "Mechanics' Bedjanian TNM; G/2 d/5"]
[Site "San Francisco"]
[Date "2018.12.11"]
[Round "8.18"]
[White "Lamstein, Joshua"]
[Black "Rakonitz, David"]
[Result "1-0"]
[WhiteElo "1592"]
[BlackElo "1670"]
[PlyCount "85"]
[EventDate "2018.??.??"]
[Source "ChessBase"]
[SourceDate "2007.09.04"]

1. d4 Nf6 2. c4 e6 3. Nf3 b6 4. g3 Bb7 5. Bg2 Be7 6. O-O O-O 7. Nc3 d5 8. cxd5
Nxd5 9. Re1 Nxc3 10. bxc3 c5 11. e4 Nc6 12. d5 exd5 13. exd5 Na5 14. Ne5 Qc7
15. Nc6 Nxc6 16. dxc6 Rad8 17. Qe2 Bxc6 18. Qxe7 Rd7 19. Qe2 h6 20. Bf4 Qb7 21.
Bxc6 Qxc6 22. Rad1 Rfd8 23. Rxd7 Rxd7 24. Qe8+ Kh7 25. Qe4+ Qxe4 26. Rxe4 a6
27. Ra4 Ra7 28. Be3 Ra8 29. Re4 Ra7 30. Kg2 Kg6 31. Kf3 Rc7 32. a4 Rc6 33. h4
b5 34. axb5 axb5 35. Re5 b4 36. cxb4 cxb4 37. Rb5 Rc4 38. Bd2 Rc2 39. h5+ Kf6
40. Bxb4 Ke6 41. Bf8 Rc3+ 42. Kg4 Rc4+ 43. f4 1-0

[Event "Mechanics' Bedjanian TNM; G/2 d/5"]
[Site "San Francisco"]
[Date "2018.10.23"]
[Round "1.2"]
[White "Lamstein, Joshua"]
[Black "Winslow, Elliott C"]
[Result "0-1"]
[WhiteElo "1592"]
[BlackElo "2308"]
[PlyCount "54"]
[EventDate "2018.??.??"]
[Source "ChessBase"]
[SourceDate "2007.09.04"]

1. e4 d6 2. Bc4 Nf6 3. d3 c6 4. Nc3 d5 5. exd5 cxd5 6. Bb3 Nc6 7. h3 h6 8. Nf3
Bf5 9. Bf4 d4 10. Nb5 $4 {Diagram [#]} Qa5+ 11. Bd2 Qxb5 12. O-O e6 13. a4 Qc5
14. a5 Be7 15. Ra4 O-O 16. Bc4 Nd5 17. c3 dxc3 18. Bxc3 Nxc3 19. bxc3 Nxa5 20.
Qe2 Rfd8 21. Rd1 Nxc4 22. Rxc4 Qa5 23. Qb2 Bxd3 24. Rxd3 Rxd3 25. Qxb7 Rd1+ 26.
Kh2 Bd6+ 27. g3 Qd5 0-1

[Event "Mechanics' Shipman TNM; G/2 d/5"]
[Site "San Francisco"]
[Date "2018.09.04"]
[Round "5.28"]
[White "Latourette, Nicholas"]
[Black "Casares Jr, Nick"]
[Result "1-0"]
[WhiteElo "1094"]
[BlackElo "1600"]
[PlyCount "86"]
[EventDate "2018.??.??"]
[Source "ChessBase"]
[SourceDate "2007.09.04"]

1. e4 e5 2. Nf3 Nc6 3. d4 exd4 4. Nxd4 Bc5 5. Nb3 Bb6 6. Bd3 Qf6 7. Qe2 d6 8.
Na3 Nge7 9. Be3 Ne5 10. O-O Bg4 11. f3 Bh5 12. Bxb6 axb6 13. Nb5 O-O-O 14. N3d4
c6 15. Nc3 N7g6 16. Qf2 Nf4 17. Be2 g5 18. Kh1 Bg6 19. g3 Ne6 20. Nxe6 Qxe6 21.
Qxb6 Nd7 22. Qa5 Qe5 23. Qb4 h5 24. a4 Kc7 25. Qa3 f5 26. exf5 Bxf5 27. Rac1
Bh3 28. Bd3 Qf6 29. Ne4 Qh6 30. Rf2 Rde8 31. Rd1 g4 32. f4 h4 33. Qxd6+ Qxd6
34. Nxd6 hxg3 35. hxg3 Re3 36. Nf5 Re6 37. Nh4 Re3 38. Kh2 Nf6 39. Bg6 Nd5 40.
f5 Nf6 41. Rfd2 Ne4 42. Rd3 Re2+ 43. Kg1 Rxh4 {White won on time.} 1-0

[Event "Mechanics' Summer TNM; G/2 d/5"]
[Site "San Francisco"]
[Date "2018.06.19"]
[Round "4.38"]
[White "Latourette, Nicholas"]
[Black "Chan, John"]
[Result "1-0"]
[WhiteElo "1066"]
[BlackElo "1522"]
[PlyCount "61"]
[EventDate "2018.??.??"]
[Source "ChessBase"]
[SourceDate "2007.09.04"]

1. e4 d6 2. d4 h6 3. Nc3 c6 4. Bc4 e6 5. Be3 b5 6. Bb3 a5 7. a3 Nd7 8. d5 exd5
9. exd5 Bb7 10. Qf3 Ne5 11. Qe2 Be7 12. Nf3 Nxf3+ 13. Qxf3 Nf6 14. dxc6 Ba6 15.
c7 Qc8 16. Qc6+ Nd7 17. Bd5 O-O 18. Qxa8 Qxa8 19. Bxa8 Rxa8 20. Nd5 Bf8 21. O-O
Ne5 22. Nb6 Re8 23. b4 a4 24. Rad1 g5 25. Rd5 Nc6 26. Re1 Ne5 27. Bd2 f6 28. c4
bxc4 29. Ra5 c3 30. Bxc3 Bb7 31. Ra7 1-0

[Event "Mechanics' Shipman TNM; G/2 d/5"]
[Site "San Francisco"]
[Date "2018.09.18"]
[Round "7.24"]
[White "Latourette, Nicholas"]
[Black "Lilles, Alex"]
[Result "1/2-1/2"]
[WhiteElo "1094"]
[BlackElo "1619"]
[PlyCount "89"]
[EventDate "2018.??.??"]
[Source "ChessBase"]
[SourceDate "2007.09.04"]

1. e4 c5 2. Nf3 d6 3. d4 cxd4 4. Nxd4 Nf6 5. Nc3 a6 6. f3 Nc6 7. Be3 e5 8. Nxc6
bxc6 9. Bc4 Rb8 10. Bb3 Bb7 11. Bg5 h6 12. Bxf6 Qxf6 13. Qd2 Be7 14. h4 Bc8 15.
O-O-O Be6 16. Ba4 Bd7 17. Qf2 O-O 18. Rdg1 h5 19. Qe2 Qf4+ 20. Kb1 Bxh4 21. g4
Bg5 22. gxh5 Qd2 23. Qxd2 Bxd2 24. Ne2 Be3 25. Rg2 Kh7 26. Ng3 Rb6 27. c3 Rd8
28. Kc2 Be6 29. b3 d5 30. Rd1 d4 31. c4 c5 32. Ne2 f5 33. Rg6 Rbd6 34. Nc1 Bxc1
35. Kxc1 Bf7 36. Rg5 fxe4 37. fxe4 Re6 38. Rdg1 g6 39. a3 a5 40. Kd2 Kh6 41.
hxg6 Bxg6 42. Kd3 Rf8 43. R5g3 Ref6 44. Rh3+ Kg7 45. Rhg3 1/2-1/2

[Event "Mechanics' Summer TNM; G/2 d/5"]
[Site "San Francisco"]
[Date "2018.06.26"]
[Round "5.29"]
[White "Latourette, Nicholas"]
[Black "Lucas, Jermorio"]
[Result "1/2-1/2"]
[WhiteElo "1066"]
[BlackElo "1239"]
[PlyCount "45"]
[EventDate "2018.??.??"]
[Source "ChessBase"]
[SourceDate "2007.09.04"]

1. e4 e6 2. Nf3 Nc6 3. d4 Bb4+ 4. c3 Be7 5. Be3 Nf6 6. e5 Nd5 7. Nbd2 Nxe3 8.
fxe3 d6 9. exd6 Bxd6 10. Qc2 Qf6 11. Bd3 Bd7 12. e4 Bf4 13. O-O-O g6 14. e5 Qe7
15. Kb1 O-O-O 16. Ne4 Kb8 17. g3 Bh6 18. Rhf1 Rhf8 19. g4 Bg7 20. g5 h6 21. h4
h5 22. Nfd2 Bc8 23. Nc5 {White is slightly better but the game ended in a draw.
The remaining moves are unavailable.} 1/2-1/2

[Event "Mechanics' Shipman TNM; G/2 d/5"]
[Site "San Francisco"]
[Date "2018.08.07"]
[Round "1.28"]
[White "Latourette, Nicholas"]
[Black "Mercado, Adam"]
[Result "1-0"]
[WhiteElo "1094"]
[BlackElo "1707"]
[PlyCount "79"]
[EventDate "2018.??.??"]
[Source "ChessBase"]
[SourceDate "2007.09.04"]

1. e4 e5 2. Nf3 Nc6 3. d4 exd4 4. Nxd4 Bc5 5. Be3 Bb6 6. Nc3 Nf6 7. f3 d6 8.
Qd2 O-O 9. O-O-O Nxd4 10. Bxd4 Be6 11. g4 Ba5 12. Kb1 Nd7 13. a3 c5 14. Be3 Qf6
15. Bg5 Bxc3 16. bxc3 Qxf3 17. Bg2 Qxg4 18. h4 Ne5 19. Rdf1 Qg3 20. Rhg1 Nc4
21. Qd3 Qxd3 22. cxd3 Nxa3+ 23. Kc1 f6 24. Bf4 Rad8 25. c4 b5 26. Kb2 b4 27.
Bf3 Rf7 28. Be2 Rb7 29. Rg3 Rb6 30. Be3 h5 31. Rxf6 Re8 32. Rf1 Bd7 33. Bxh5
Rf8 34. Rxf8+ Kxf8 35. Rf3+ Kg8 36. Bf7+ Kh8 37. Be8 Be6 38. Rf8+ Bg8 39. Bf7
g6 40. Bxg8 1-0

[Event "Mechanics' Shipman TNM; G/2 d/5"]
[Site "San Francisco"]
[Date "2018.09.25"]
[Round "8.5"]
[White "Lavi, Eilon"]
[Black "Askin, David"]
[Result "0-1"]
[WhiteElo "2038"]
[BlackElo "2001"]
[PlyCount "70"]
[EventDate "2018.??.??"]
[Source "ChessBase"]
[SourceDate "2007.09.04"]

1. e4 c6 2. d4 d5 3. Nc3 dxe4 4. Nxe4 Bf5 5. Ng3 Bg6 6. h4 h6 7. Nf3 Nd7 8. h5
Bh7 9. Bd3 Bxd3 10. Qxd3 e6 11. Bf4 Qa5+ 12. Bd2 Qc7 13. O-O-O O-O-O 14. Qe2
Bd6 15. Ne4 Bf4 16. g3 Bxd2+ 17. Rxd2 Ngf6 18. Rhd1 Nxe4 19. Qxe4 Nf6 20. Qh4
Qa5 21. Kb1 Qxh5 22. Qxh5 Nxh5 23. Ne5 Rhf8 24. c4 Nf6 25. c5 Ne4 26. Rc2 Rd5
27. Kc1 f6 28. Nc4 Rfd8 29. Re2 Nxc5 30. b4 Rxd4 31. Rxd4 Rxd4 32. Nd6+ Rxd6
33. bxc5 Rd5 34. Rxe6 Rxc5+ 35. Kb2 Re5 0-1

[Event "Mechanics' Bedjanian TNM; G/2 d/5"]
[Site "San Francisco"]
[Date "2018.12.11"]
[Round "8.7"]
[White "Lavi, Eilon"]
[Black "Askin, Michael"]
[Result "1-0"]
[WhiteElo "2088"]
[BlackElo "1979"]
[PlyCount "55"]
[EventDate "2018.??.??"]
[Source "ChessBase"]
[SourceDate "2007.09.04"]

1. e4 c6 2. d4 d5 3. Nc3 dxe4 4. Nxe4 Bf5 5. Ng3 Bg6 6. Nf3 Nd7 7. Bd3 e6 8.
O-O Ngf6 9. Bg5 Be7 10. Re1 Qb6 11. Ne5 Bxd3 12. Qxd3 Nxe5 13. dxe5 Ng4 14. Qf3
Bxg5 15. Qxg4 Bh6 16. Ne4 O-O-O 17. Nd6+ Rxd6 18. exd6 Qxb2 19. Rab1 Qa3 20.
d7+ Kc7 21. Rb3 Qd6 22. Qa4 Qxd7 23. Qxa7 Rb8 24. Qb6+ Kc8 25. Rd3 Qc7 26. Qd4
b6 27. Red1 Kb7 28. Qh4 1-0

[Event "Mechanics' Shipman TNM; G/2 d/5"]
[Site "San Francisco"]
[Date "2018.09.04"]
[Round "5.12"]
[White "Lavi, Eilon"]
[Black "Cendejas, Juan Rod"]
[Result "1-0"]
[WhiteElo "2038"]
[BlackElo "1697"]
[Annotator "Winslow,Elliott"]
[PlyCount "63"]
[EventDate "2018.??.??"]
[Source "ChessBase"]
[SourceDate "2007.09.04"]

1. e4 d5 2. exd5 c6 3. dxc6 Nxc6 4. Nf3 Nf6 5. Be2 e5 6. d3 Bd6 7. Nc3 Be6 8.
O-O a6 9. Ng5 Bc8 10. Nge4 Be7 11. Kh1 h6 12. f4 O-O 13. fxe5 Nxe5 14. d4 Ng6
15. Be3 b5 16. a3 Bb7 17. Bf3 Rb8 18. Qd3 Nh4 19. Nxf6+ Bxf6 20. Bxb7 Rxb7 21.
Ne4 Be7 22. d5 f5 23. Nc5 Bxc5 24. Bxc5 Rf6 25. Rf4 g5 26. Rd4 f4 27. Re1 f3
28. g3 Qc8 (28... Nf5) 29. gxh4 Qh3 $6 30. Rg1 Rg7 31. Rdg4 h5 32. Rxg5 1-0

[Event "Mechanics' Bedjanian TNM; G/2 d/5"]
[Site "San Francisco"]
[Date "2018.11.20"]
[Round "5.3"]
[White "Lavi, Eilon"]
[Black "Ivanov, Aleksandr"]
[Result "0-1"]
[WhiteElo "2088"]
[BlackElo "2167"]
[Annotator "Winslow,Elliott"]
[PlyCount "82"]
[EventDate "2018.??.??"]
[Source "ChessBase"]
[SourceDate "2007.09.04"]

1. e4 e6 2. d4 d5 3. Nc3 Bb4 4. e5 Ne7 5. a3 Bxc3+ 6. bxc3 b6 7. Qg4 Ng6 8. Nf3
(8. h4 {is overwhelmingly more popular;}) (8. Bg5 $5 {and}) (8. Bb5+ {
have scored the best.}) 8... Ba6 9. Ng5 $146 Bxf1 10. Kxf1 Qd7 11. h4 h5 12.
Qf3 Nc6 13. a4 Na5 14. Rb1 Nc4 15. Rb4 Rc8 (15... O-O-O $4 16. Rxc4 dxc4 17.
Qa8#) 16. Be3 c6 17. g3 Rc7 18. Kg2 Kd8 19. Ra1 Kc8 20. Qe2 f6 21. exf6 gxf6
22. Nf3 Qd6 23. Nd2 Nxd2 24. Bxd2 Kb7 25. c4 dxc4 26. Rxc4 Qd5+ 27. Kh2 Rg8 28.
f3 Rcg7 29. Rb4 {[#] There was nothing to do about the following...} Nxh4 $1
30. gxh4 Qd6+ 31. Kh1 Rg3 32. Qf1 Qd5 33. Ra3 Qf5 34. Kh2 Qxc2 35. Rd3 Rg2+ 36.
Qxg2 Rxg2+ 37. Kxg2 Qxd3 38. Be1 a5 39. Rb2 Qxd4 40. Ra2 Qc4 41. Ra3 Qc1 0-1

[Event "Mechanics' Vartan Bedjanian TNM; G/2 d/"]
[Site "San Francisco"]
[Date "2018.11.07"]
[Round "3.11"]
[White "Lavi, Eilon"]
[Black "Krasnov, Steven"]
[Result "1-0"]
[WhiteElo "2088"]
[BlackElo "1869"]
[PlyCount "87"]
[EventDate "2018.??.??"]
[Source "ChessBase"]
[SourceDate "2007.09.04"]

1. e4 e6 2. d4 d5 3. Nc3 Nf6 4. e5 Nfd7 5. f4 c5 6. Nf3 Nc6 7. Bb5 cxd4 8. Nxd4
Nxd4 9. Qxd4 a6 10. Bxd7+ Bxd7 11. O-O Rc8 12. Be3 b5 13. Rac1 Rc4 14. Qd1 Qc7
15. Ne2 Re4 16. Bd4 Qc4 17. Rf2 b4 18. c3 Bc5 19. b3 Qb5 20. Ng3 Bxd4 21. cxd4
Re3 22. Rc5 Qb6 23. Qd2 Rc3 24. Rxc3 bxc3 25. Qxc3 O-O 26. Rc2 g6 27. Qc5 Rb8
28. Qxb6 Rxb6 29. Rc7 Bb5 30. Rc3 a5 31. Kf2 Kg7 32. Ne2 a4 33. Nc1 Ra6 34. Rc5
Rb6 35. Ke3 axb3 36. axb3 Kf8 37. Kd2 Ke7 38. Kc3 h6 39. b4 Bc4 40. Nb3 Kd7 41.
Ra5 Kc7 42. Ra7+ Rb7 43. Rxb7+ Kxb7 44. Na5+ 1-0